000 00525nam a2200205Ia 4500
008 180523s9999 xx 000 0 und d
020 _a978-981-4296-08-3
050 _aMAIN P 90
050 _b.L58 2009
100 _aLittlejohn, Stephen W.
245 0 _aCommunication theory /
245 0 _cStephen W. Littlejohn, Karen A. Foss.
260 _aSingapore :
260 _bCengage Learning,
260 _c2009
300 _a367 pages :
300 _c24 cm.
500 _aIncludes index.
650 _aCommunication.
999 _c357342
_d357342